| 000 | 00675nam a2200229 i 4500 | ||
|---|---|---|---|
| 001 | 21509 | ||
| 003 | ES-MaACL | ||
| 005 | 20250430203725.0 | ||
| 007 | t| | ||
| 008 | 021126s1978 sp ||||1| spa d | ||
| 020 | _a84-322-9515-9 | ||
| 080 | _a821.134.2-14"19" | ||
| 100 | 1 |
_aAlberti, Rafael, _d1902-1999 _9240174 |
|
| 245 | 1 | 0 |
_aEntre el clavel y la espada : _b(1939-1940) / _cRafael Alberti. |
| 250 | _a1ยช ed. | ||
| 260 |
_aBarcelona : _bSeix Barral, _c1978. |
||
| 300 |
_a148 p. ; _c20 cm. |
||
| 490 | 1 |
_aObras de Rafael Alberti ; _v3 |
|
| 830 | 1 |
_aObras de Rafael Alberti ; _v3 _9228958 |
|
| 852 | 4 |
_aES-MaACL _jA-8526 |
|
| 999 |
_c21509 _d21509 |
||